[Event "Hebraica op 30th"]
[Site "Hebraica"]
[Date "2023.02.12"]
[Round "7"]
[White "Pereira, Thiago Henrique"]
[Black "Vanderlei, Jose Cicero"]
[Result "1-0"]
[WhiteElo "1745"]
[BlackElo "1343"]
[PlyCount "66"]
[EventDate "2023.02.10"]
[EventType "swiss"]
[EventRounds "7"]
[EventCountry "BRA"]
[SourceTitle "CBM 212 Extra"]
[Source "ChessBase"]
[SourceDate "2023.03.31"]
[SourceVersion "1"]
[SourceVersionDate "2023.03.31"]
[SourceQuality "1"]

1. e4 c5 2. Nf3 d6 3. d4 cxd4 4. Nxd4 Nf6 5. Nc3 a6 6. Be2 e5 7. Nb3 Be7 8. 0-0 b5 9. Bg5 Nbd7 10. a4 b4 11. Bxf6 Nxf6 12. Nd5 Nxd5 13. Qxd5 Be6 14. Qd2 d5 15. exd5 Bxd5 16. Qe3 Bxb3 17. cxb3 Qd4 18. Bf3 Rd8 19. Bc6+ Kf8 20. Qe2 Qb6 21. Rfc1 Bc5 22. Bf3 Bd4 23. Rc6 Qa7 24. Rac1 g6 25. Rxa6 Bxf2+ 26. Kf1 Qe3 27. Rc7 Qxe2+ 28. Bxe2 Bd4 29. Rf6 Kg7 30. Rfxf7+ Kh6 31. h4 e4 32. Rf4 g5 33. Rxe4 Rhf8+ 1-0